<?xml version="1.0" encoding="UTF-8"?>
<collection xmlns="http://www.loc.gov/MARC21/slim">
 <record>
  <leader>00969nam a2200229 a 4500</leader>
  <controlfield tag="001">1/47108</controlfield>
  <controlfield tag="008">170328s2017    be            00110 eng  </controlfield>
  <datafield tag="035" ind1=" " ind2=" ">
   <subfield code="l">50087</subfield>
  </datafield>
  <datafield tag="040" ind1=" " ind2=" ">
   <subfield code="a">GR-PeUP</subfield>
  </datafield>
  <datafield tag="100" ind1="1" ind2=" ">
   <subfield code="a">Kita, Jean-Claude.</subfield>
  </datafield>
  <datafield tag="245" ind1="1" ind2="0">
   <subfield code="a">Open access publishing policies in science Europe member organisations :</subfield>
   <subfield code="b">key results from science Europe and global research council surveys. Survey report.</subfield>
   <subfield code="h">[electronic resource] /</subfield>
   <subfield code="c">Jean-Claude Kita, Nathalie Duchange, Agnès Ponsati.</subfield>
  </datafield>
  <datafield tag="260" ind1=" " ind2=" ">
   <subfield code="a">Brussels :</subfield>
   <subfield code="b">Science Europe,</subfield>
   <subfield code="c">2016.</subfield>
  </datafield>
  <datafield tag="300" ind1=" " ind2=" ">
   <subfield code="a">1 online resource (40 p.).</subfield>
  </datafield>
  <datafield tag="500" ind1=" " ind2=" ">
   <subfield code="a">October 2016.</subfield>
  </datafield>
  <datafield tag="650" ind1=" " ind2="4">
   <subfield code="a">Open access publishing.</subfield>
  </datafield>
  <datafield tag="650" ind1=" " ind2="4">
   <subfield code="a">Science publishing.</subfield>
  </datafield>
  <datafield tag="650" ind1=" " ind2="4">
   <subfield code="a">Scholarly electronic publishing.</subfield>
  </datafield>
  <datafield tag="655" ind1=" " ind2="4">
   <subfield code="a">Electronic books.</subfield>
  </datafield>
  <datafield tag="700" ind1="1" ind2=" ">
   <subfield code="a">Duchange, Nathalie.</subfield>
  </datafield>
  <datafield tag="700" ind1="1" ind2=" ">
   <subfield code="a">Ponsati, Agnès.</subfield>
  </datafield>
  <datafield tag="852" ind1=" " ind2=" ">
   <subfield code="a">INST</subfield>
   <subfield code="b">UNIPILB</subfield>
   <subfield code="c">EBOOKS</subfield>
   <subfield code="e">20170328</subfield>
   <subfield code="p">00b50087</subfield>
   <subfield code="q">00b50087</subfield>
   <subfield code="t">ONLINE</subfield>
   <subfield code="y">0</subfield>
  </datafield>
  <datafield tag="856" ind1="4" ind2="0">
   <subfield code="u">http://www.scienceeurope.org/wp-content/uploads/2016/10/SE_OpenAccess_SurveyReport.pdf</subfield>
  </datafield>
 </record>
</collection>
